| 000 | 00550nam a2200193 a 4500 | ||
|---|---|---|---|
| 005 | 20220603063544.0 | ||
| 008 | 991125s1994 mx 000 0 spa u | ||
| 020 | _a9681645685 | ||
| 035 | _aUPN01000006111 | ||
| 049 | _aI | ||
| 050 | 4 | _aPZ31 H4.28 | |
| 100 | 1 | _aHeuck, Sigrid | |
| 245 | 1 | 3 |
_aEl búho fantasma y los ratones / _ctr. María Ofelia Arruti |
| 260 |
_aMéxico : _bFCE, _c1994 |
||
| 300 |
_a23 p. : _bil |
||
| 440 | 2 |
_aA la orilla del viento. Para los que empiezan a leer; _v60 |
|
| 650 | 4 |
_aCuentos infantiles _96744 |
|
| 905 | _aInfantil | ||
| 999 |
_c6111 _d6111 |
||